Improving library services to people with disabilities

Improving Library Services to People with Disabilities will enable librarians, policy makers and constituents to understand the importance of serving all potential patrons, recognise the best practices and model programs and learn techniques and strategies for improving the services their libraries...

全面介紹

Đã lưu trong:
書目詳細資料
格式: 圖書
語言:Undetermined
出版: Oxford Chandos Publishing 2007
主題:
標簽: 添加標簽
沒有標簽, 成為第一個標記此記錄!
Thư viện lưu trữ: Trung tâm Học liệu Trường Đại học Cần Thơ
LEADER 00905nam a2200193Ia 4500
001 CTU_196238
008 210402s9999 xx 000 0 und d
020 |c 1694000 
082 |a 027.663 
082 |b I.34 
245 0 |a Improving library services to people with disabilities 
245 0 |c edited by Courtney Deines-Jones 
260 |a Oxford 
260 |b Chandos Publishing 
260 |c 2007 
520 |a Improving Library Services to People with Disabilities will enable librarians, policy makers and constituents to understand the importance of serving all potential patrons, recognise the best practices and model programs and learn techniques and strategies for improving the services their libraries offer 
650 |a Libraries and people with disabilities,Thư viện và người khuyết tật 
904 |i Bằng 
980 |a Trung tâm Học liệu Trường Đại học Cần Thơ